000 00572 a2200193 4500
001 41340
005 20260407155707.0
008 260407a2017 arg spa d
003 AR-UNSa-BCEJYS
040 _aAR-UNSa-BCEJYS
_bspa
_cAR-UNSa-BCEJYS
080 _a336.22
_xImpuestos
245 1 0 _aBlanqueo y moratoria
264 1 _aBuenos Aires :
_bErrepar
_c2017
300 _a45 p.
_c21 cm.
041 _aspa
942 _cBK
590 _aniveau_biblio:m niveau_hierar:0
856 4 1 _uhttps://biblioeco.unsa.edu.ar/pmb/images/libros/E00039.jpg
_yImagen de portada
_qimage/jpeg
999 _c3474
_d3474